Normal view
MARC view
- Asphalt concrete.
Entry Topical Term
001 - CONTROL NUMBER
- control field: 13617
003 - CONTROL NUMBER IDENTIFIER
- control field: NUST
005 - DATE AND TIME OF LATEST TRANSACTION
- control field: 20190209070907.0
008 - FIXED-LENGTH DATA ELEMENTS
- fixed length control field: 190209|| aca||aabn | a|a d
040 ## - CATALOGING SOURCE
- Original cataloging agency: NUST
- Transcribing agency: NUST
150 ## - HEADING--TOPICAL TERM
- Topical term or geographic name entry element: Asphalt concrete.
670 ## - SOURCE DATA FOUND
- Source citation: Work cat.: (NUST)0: Asphalt Institute. 13616, Mix design methods for asphalt concrete and other hot-mix types., 1974.
